000
00330nam a22001457a 4500
003
SGT
020
_a
978-93-272-7572-8
082
_a
631.4
_b
BAS
100
_a
BASAK, RANJAN KUMAR
245
_a
SOIL TESTING AND RECOMMENDATION
260
_a
INDIA
_b
KALYANI
_c
2021
300
_a
250
650
_a
SOIL SCIENCE
942
_2
ddc
_c
BK
999
_c
31200
_d
31200